| 000 | 00422nam a22001817a 4500 | ||
|---|---|---|---|
| 003 | OSt | ||
| 008 | 220910b ||||| |||| 00| 0 eng d | ||
| 020 | _a9788194752899 | ||
| 082 | _a658.421 SHE | ||
| 100 | _aSHARMA,ML | ||
| 245 | _aEntrepreneurship Development and Management | ||
| 250 | _a1st | ||
| 260 |
_aNew Delhi _bKhanna _c2021 |
||
| 300 | _a225 | ||
| 650 | _aME | ||
| 700 | _aSHARMA,Neelam | ||
| 942 |
_2ddc _cBK |
||
| 999 |
_c11528 _d11528 |
||